[Event "Michigan Open"]
[Site "Romulus, MI"]
[Date "2000.09.01"]
[Round "1.3"]
[White "Finegold, Mark"]
[Black "Drake, Robert"]
[Result "0-1"]
[WhiteElo "2266"]
[BlackElo "1878"]
[Annotator "Mark Finegold"]
[PlyCount "52"]
[EventDate "2000.09.01"]

1. e4 g6 2. d4 Bg7 3. Nf3 d6 4. Bc4 Nf6 5. Qe2 O-O 6. O-O c6 7. Bb3 {Played in
response to the threatened ...Nxe4. Knowing little about the Pirc, I was not
sure if 7.e5 did anything useful.} Bg4 8. Nc3 $6 {The knight is misplaced here.
More harmonious is 8.Nbd2, preparing to recapture after the inevitable . ..
Bxf3.} e5 9. dxe5 dxe5 10. h3 Bxf3 11. Qxf3 Nbd7 {Black plans to maneuver this
knight to the excellent outpost at d4. White's remaining knight should be on
f3 to watch this important square and keep the move c3 available.} 12. Be3 Qe7
13. a4 Nc5 14. Bxc5 $2 {A rather panicky reaction to the ...Ne6-d4 idea. Much
better is 14.Bc4 Ne6 15.Bxe6 with a reasonable position.} Qxc5 15. a5 Rad8 16.
a6 b5 {So what did a4-a5-a6 accomplish for White? I'm still not sure!} 17. Rad1
$6 {Needlessly leaving the a-pawn undefended. I am in hot water now, having
misplayed the opening as I often do, plus I am running low on time even before
move 20!} Qb6 18. Rxd8 Rxd8 19. g4 Rd7 20. Rd1 {White relies on tricks like a
future Qd8+ to save the a-pawn, but the position is already quite bad.} Rxd1+
21. Qxd1 Qd4 $1 22. Qd3 $2 {It's definitely lost after this. With only a few
minutes remaining, I had overlooked the tactical point that follows the queen
exchange. The last chance was 22.Qf3 with plenty of fight left.} Qxd3 23. cxd3
Nd7 {Oops. I had overlooked the triple attack with ...Nc5 and now must lose a
pawn.} 24. Bc2 Nc5 25. Kf1 Nxa6 26. Ke2 Bh6 {Here my time expired as I was
trying to decide on Na2 or Bb1. The ending must be lost with best play, but I
had expected to make time control and struggle on for a long while. A
well-played win for Drake.} 0-1

[Event "Michigan Open"]
[Site "Romulus, MI"]
[Date "2000.09.01"]
[Round "1.1"]
[White "Finegold, Ben"]
[Black "Turner, Keita"]
[Result "1-0"]
[WhiteElo "2562"]
[BlackElo "1886"]
[PlyCount "81"]
[EventDate "2000.09.01"]

1. d4 Nf6 2. c4 g6 3. Nc3 Bg7 4. e4 d6 5. Be2 O-O 6. Nf3 e5 7. O-O Nc6 8. d5
Ne7 9. b4 Nh5 10. g3 h6 11. Nd2 Bh3 12. Re1 Nf6 13. c5 Ne8 14. a4 f5 15. f3 f4
16. Nc4 Bf6 17. a5 Nc8 18. Bf1 Bxf1 19. Rxf1 Bg5 20. Ra2 Qf6 21. h4 Bxh4 22.
gxh4 Qxh4 23. Rh2 Qg5+ 24. Kh1 h5 25. Rg1 Qh6 26. Nb5 Rf7 27. Bb2 a6 28. cxd6
cxd6 29. Nbxd6 Ncxd6 30. Nxe5 Rg7 31. Nxg6 Rxg6 32. Rxg6+ Qxg6 33. Rg2 Qxg2+
34. Kxg2 Nc4 35. Bc1 Ned6 36. Bxf4 Rf8 37. Qc1 Rc8 38. Bxd6 Nxd6 39. Qg5+ Kf8
40. Qh6+ Ke7 41. Qe6+ 1-0

[Event "Michigan Open Reserve"]
[Site "Romulus, MI"]
[Date "2000.09.01"]
[Round "1.32"]
[White "Cooper, Rene"]
[Black "Aldrich, Justin"]
[Result "0-1"]
[WhiteElo "1106"]
[BlackElo "1584"]
[PlyCount "34"]
[EventDate "2000.09.01"]

1. d4 d5 2. Nf3 Nf6 3. Bg5 e6 4. e3 c5 5. Nbd2 h6 6. Bxf6 Qxf6 7. c3 Nc6 8. Bd3
Bd6 9. e4 cxd4 10. cxd4 Nxd4 11. Qa4+ Nc6 12. exd5 exd5 13. Qc2 O-O 14. O-O Qf4
15. h3 Nd4 16. Qd1 Re8 17. Qa4 Nxf3+ 0-1

[Event "Michigan Open"]
[Site "Romulus, MI"]
[Date "2000.09.01"]
[Round "1.4"]
[White "Comstock, Ron"]
[Black "Ward, Tom"]
[Result "1/2-1/2"]
[WhiteElo "1872"]
[BlackElo "2246"]
[PlyCount "48"]
[EventDate "2000.09.01"]

1. Nf3 Nf6 2. d4 e6 3. c4 Bb4+ 4. Bd2 Qe7 5. a3 Bxd2+ 6. Qxd2 O-O 7. Nc3 d6 8.
g3 e5 9. Bg2 a5 10. O-O a4 11. Qc2 Bd7 12. dxe5 dxe5 13. Rfd1 Ra5 14. Ng5 h6
15. Nge4 Nxe4 16. Bxe4 b6 17. Nd5 Qc5 18. Ne3 Be6 19. Bd5 Nc6 20. Bxe6 fxe6 21.
Rd7 Nb8 22. Rd2 Nc6 23. Rd7 Nb8 24. Rd2 Nc6 1/2-1/2

[Event "Michigan Open"]
[Site "Romulus, MI"]
[Date "2000.09.01"]
[Round "1.5"]
[White "Ciaffone, Bob"]
[Black "Manion, Tom"]
[Result "1-0"]
[WhiteElo "2213"]
[BlackElo "1858"]
[PlyCount "67"]
[EventDate "2000.09.01"]

1. Nf3 f5 2. g3 g6 3. Bg2 Bg7 4. O-O Nf6 5. d4 c6 6. c4 d6 7. Nc3 O-O 8. d5 c5
9. Qb3 Na6 10. Bf4 Nc7 11. Rad1 Rb8 12. Rfe1 Bd7 13. Qc2 b5 14. b3 b4 15. Nb1
Ne4 16. Ng5 Nc3 17. Nxc3 Bxc3 18. Rf1 Qc8 19. e4 fxe4 20. Nxe4 Bf5 21. Qe2 Bg7
22. Qe3 Re8 23. Rfe1 Bh3 24. Bxh3 Qxh3 25. Nxc5 Bc3 26. Re2 g5 27. Bxg5 dxc5
28. Qxc5 Qg4 29. Qe3 Bf6 30. Bh6 Qh5 31. Kg2 Kf7 32. f3 a5 33. Bf4 Rbc8 34. Qa7
1-0

[Event "Michigan Open"]
[Site "Romulus, MI"]
[Date "2000.09.01"]
[Round "1.12"]
[White "Beckwith, Stan"]
[Black "Garrison, Ray"]
[Result "1/2-1/2"]
[WhiteElo "1746"]
[BlackElo "2002"]
[PlyCount "85"]
[EventDate "2000.09.01"]

1. d4 e5 2. dxe5 Nc6 3. Nf3 Qe7 4. Bf4 Qb4+ 5. Bd2 Qxb2 6. Nc3 Bb4 7. Rb1 Qa3
8. Rb3 Qa5 9. a3 Bxc3 10. Bxc3 Qc5 11. e3 Nge7 12. Be2 Ng6 13. Qa1 a6 14. O-O
O-O 15. Bd3 Qe7 16. Rd1 Re8 17. Bxg6 hxg6 18. Rd5 b6 19. Rb1 Bb7 20. Rbd1 Rad8
21. R5d2 Nb8 22. Ne1 Nc6 23. Nf3 Nb8 24. Ne1 Rf8 25. Qa2 Nc6 26. Nf3 Qe6 27.
Qb2 f6 28. exf6 gxf6 29. Qb3 Qxb3 30. cxb3 d6 31. Rc1 Rf7 32. Rdc2 Ne5 33. Nxe5
dxe5 34. f3 Rfd7 35. b4 Kf7 36. Be1 c6 37. Kf2 Rd3 38. Rc3 Rxc3 39. Rxc3 Rd1
40. Ke2 Ra1 41. e4 Ke6 42. Bf2 Ra2+ 43. Kf1 1/2-1/2

[Event "Michigan Open"]
[Site "Romulus, MI"]
[Date "2000.09.02"]
[Round "2.17"]
[White "al-Shareef, Robert"]
[Black "McCormick, Tim"]
[Result "0-1"]
[WhiteElo "1884"]
[BlackElo "1468"]
[PlyCount "74"]
[EventDate "2000.09.01"]

1. Nf3 Nf6 2. d4 d5 3. Bf4 Bf5 4. e3 e6 5. h3 h6 6. Bd3 Ne4 7. O-O Nd7 8. c4 c6
9. Nc3 Bd6 10. Ne5 Qc7 11. cxd5 Nxc3 12. bxc3 Bxd3 13. Nxd3 cxd5 14. Rc1 Bxf4
15. exf4 Rc8 16. Re1 O-O 17. Ne5 Nxe5 18. fxe5 Qa5 19. a4 Rxc3 20. Qd2 Rfc8 21.
Kh2 b6 22. Rxc3 Qxc3 23. Qe2 Rc4 24. f4 Qxd4 25. g3 Qe4 26. Qf2 Rc2 27. Rxe4
Rxf2+ 28. Kg1 dxe4 29. Kxf2 f5 30. g4 g6 31. Ke3 a6 32. Kd4 Kf7 33. Kc3 Ke7 34.
Kc4 Kd7 35. h4 fxg4 36. Kd4 h5 37. Kxe4 b5 0-1

[Event "Michigan Open Reserve"]
[Site "Romulus, MI"]
[Date "2000.09.02"]
[Round "3.38"]
[White "Zuniga, Jesus"]
[Black "Saylor, Oliver"]
[Result "1/2-1/2"]
[WhiteElo "1571"]
[BlackElo "1244"]
[PlyCount "90"]
[EventDate "2000.09.01"]

1. d4 d5 2. c4 c6 3. Nc3 Nf6 4. Bg5 e6 5. Nf3 Be7 6. e3 O-O 7. Rc1 Nbd7 8. Bd3
h6 9. Bh4 Nh7 10. Bxe7 Qxe7 11. O-O Ng5 12. Nd2 b6 13. f4 Nh7 14. Kh1 Nhf6 15.
g4 Bb7 16. cxd5 c5 17. g5 Nxd5 18. Nxd5 Bxd5+ 19. e4 Bc6 20. gxh6 g6 21. Nf3
Nf6 22. Ng5 Rad8 23. dxc5 Nxe4 24. Nf3 Nxc5 25. h7+ Kh8 26. Qe2 Bxf3+ 27. Rxf3
Nxd3 28. Rxd3 Kxh7 29. Rh3+ Kg7 30. Re1 Rd5 31. Qe4 Rfd8 32. Rg3 Qf6 33. Reg1
Rd4 34. Qb7 R8d7 35. Qg2 Rxf4 36. Qe2 Rf2 37. Qh5 Rf1 38. Qe2 Rxg1+ 39. Rxg1
Qf4 40. Rf1 Qd6 41. b3 Qd2 42. Qe5+ Kh7 43. Kg1 Rd5 44. Rxf7+ Kh6 45. Qh8+ Kg5
1/2-1/2

[Event "Michigan Open Reserve"]
[Site "Romulus, MI"]
[Date "2000.09.02"]
[Round "1.53"]
[White "Zuniga, Jesus"]
[Black "Cox, Daniel"]
[Result "1-0"]
[WhiteElo "1571"]
[BlackElo "927"]
[PlyCount "101"]
[EventDate "2000.09.01"]

1. d4 Nf6 2. c4 d5 3. Nc3 dxc4 4. e4 Nc6 5. d5 Ne5 6. f4 Ng6 7. Bxc4 e6 8. Nf3
Bc5 9. Qb3 O-O 10. dxe6 fxe6 11. Bxe6+ Bxe6 12. Qxe6+ Rf7 13. Ng5 Qe7 14. Qxf7+
Qxf7 15. Nxf7 Kxf7 16. h3 Re8 17. e5 Nd7 18. Bd2 Nh4 19. O-O-O Nxe5 20. fxe5
Rxe5 21. Rhf1+ Kg8 22. Bg5 Ng6 23. Rd8+ Nf8 24. Bd2 h6 25. a3 Kh7 26. Rdxf8
Bxf8 27. Rxf8 a6 28. Rf7 Rc5 29. Bf4 Kg8 30. Rxc7 Rf5 31. g3 b6 32. Rc6 Rf8 33.
Rxb6 Re8 34. Rxa6 Re1+ 35. Kc2 Rh1 36. h4 Kh7 37. b4 g6 38. Ra7+ Kg8 39. b5 Re1
40. b6 Re8 41. b7 Kf8 42. Nd5 Re2+ 43. Kd3 Re8 44. Bd6+ Kg8 45. Nf6+ Kf7 46.
b8=Q+ Ke6 47. Qxe8+ Kxd6 48. Rd7+ Kc5 49. Qc8+ Kb5 50. Rb7+ Ka5 51. Qa8# 1-0

[Event "Michigan Open"]
[Site "Romulus, MI"]
[Date "2000.09.02"]
[Round "2.47"]
[White "Zubatch, Steve"]
[Black "Skidmore, Mike"]
[Result "1-0"]
[WhiteElo "1869"]
[BlackElo "1800"]
[PlyCount "65"]
[EventDate "2000.09.01"]

1. e4 c6 2. d4 d5 3. e5 Bf5 4. Bd3 Bxd3 5. Qxd3 e6 6. Ne2 Nd7 7. O-O c5 8. c3
cxd4 9. cxd4 Ne7 10. Nd2 Nc6 11. a3 Be7 12. f4 Qb6 13. Kh1 O-O 14. Nf3 f6 15.
Bd2 fxe5 16. fxe5 Na5 17. Bg5 Rae8 18. Bxe7 Rxe7 19. Ng5 Rxf1+ 20. Rxf1 g6 21.
Qc3 Qd8 22. Nf4 Nf8 23. Qh3 Qe8 24. Qc3 Nc6 25. h4 h6 26. Nf3 Qf7 27. Nh2 Qg7
28. Ng4 Re8 29. Nf6+ Kf7 30. N4xd5 exd5 31. Nh5+ Kg8 32. Nxg7 Kxg7 33. Qf3 1-0

[Event "Michigan Open Reserve"]
[Site "Romulus, MI"]
[Date "2000.09.02"]
[Round "2.33"]
[White "Wright, Walter"]
[Black "Livschitz, Louiza"]
[Result "1-0"]
[WhiteElo "1552"]
[BlackElo "1431"]
[PlyCount "51"]
[EventDate "2000.09.01"]

1. d4 d5 2. Nf3 e6 3. e3 Nf6 4. Bd3 Be7 5. b3 O-O 6. Bb2 b6 7. O-O Bb7 8. Nbd2
Nbd7 9. Ne5 c5 10. f4 Rc8 11. Rf3 Ne4 12. Nxd7 Qxd7 13. Rh3 b5 14. dxc5 Bxc5
15. Nxe4 dxe4 16. Bxg7 f6 17. Bxf8 Kxf8 18. Be2 Qxd1+ 19. Rxd1 Bd5 20. Bxb5 Bb6
21. c4 Bc6 22. Bxc6 Rxc6 23. Rxh7 Bxe3+ 24. Kf1 Rc8 25. Rdd7 Bxf4 26. Rh8# 1-0

[Event "Michigan Open Reserve"]
[Site "Romulus, MI"]
[Date "2000.09.02"]
[Round "2.48"]
[White "Wright, Ken"]
[Black "Corbeill, Joe"]
[Result "1-0"]
[WhiteElo "1588"]
[BlackElo "1736"]
[PlyCount "122"]
[EventDate "2000.09.01"]

1. d4 Nf6 2. c4 e6 3. Nc3 d5 4. e3 c6 5. Nf3 Nbd7 6. Bd3 dxc4 7. Bxc4 Nb6 8.
Bb3 Bb4 9. a3 Be7 10. e4 O-O 11. Bf4 Re8 12. Qd3 c5 13. e5 Nfd5 14. Nxd5 Nxd5
15. Bc2 g6 16. Be3 Nxe3 17. fxe3 Qa5+ 18. Qc3 Qxc3+ 19. bxc3 b6 20. Be4 Rb8 21.
h4 Bb7 22. Bxb7 Rxb7 23. h5 g5 24. g4 h6 25. Kf2 Rc8 26. Rhc1 Rbc7 27. Rd1 cxd4
28. cxd4 Rc3 29. a4 Rc2+ 30. Rd2 Bb4 31. Rxc2 Rxc2+ 32. Kf1 Kf8 33. Ng1 Ke7 34.
Ne2 Kd7 35. Kf2 Kc6 36. Kf3 Kd5 37. e4+ Kc4 38. Ke3 Bd2+ 39. Kf3 Bc3 40. Rd1
Kb4 41. Nxc3 Rxc3+ 42. Kf2 Kxa4 43. d5 exd5 44. exd5 Rc7 45. d6 Rd7 46. Rc1 a5
47. Rc7 Rd8 48. Rxf7 b5 49. d7 b4 50. e6 b3 51. e7 b2 52. e8=Q b1=Q 53. Qxd8
Qa2+ 54. Ke1 Qb1+ 55. Kf2 Qa2+ 56. Kg1 Qa1+ 57. Rf1 Qd4+ 58. Kh2 Qd6+ 59. Kg2
Qd2+ 60. Rf2 Qd5+ 61. Kh2 Qd6+ 1-0

[Event "Michigan Open"]
[Site "Romulus, MI"]
[Date "2000.09.02"]
[Round "2.14"]
[White "Williams, Ron"]
[Black "Williams, Ken"]
[Result "1-0"]
[WhiteElo "2022"]
[BlackElo "1831"]
[PlyCount "98"]
[EventDate "2000.09.01"]

1. c4 g6 2. Nc3 Bg7 3. d4 d6 4. Nf3 Nf6 5. Bg5 h6 6. Bd2 O-O 7. Qc1 Kh7 8. h3
Nbd7 9. e4 e5 10. d5 Nc5 11. Qc2 a5 12. Be3 Nh5 13. Bxc5 dxc5 14. g4 Nf4 15.
O-O-O Qe7 16. Nb5 Rd8 17. Rg1 b6 18. h4 Ba6 19. Nc3 Rd7 20. a4 Rad8 21. Ne2
Nxe2+ 22. Bxe2 Bb7 23. h5 g5 24. Bd3 Rd6 25. Nh2 Rf6 26. f3 Rf4 27. Be2 Rd6 28.
Rd3 Bc8 29. Rgd1 Bd7 30. Nf1 Qe8 31. b3 Qe7 32. Ne3 Bc8 33. Qd2 Bd7 34. Re1 Bc8
35. Ng2 Rff6 36. Bd1 Rd8 37. Be2 Rdd6 38. Rd1 Rd8 39. Ne3 Rf4 40. d6 Rxd6 41.
Rxd6 Qxd6 42. Qxd6 cxd6 43. Nd5 Bf8 44. Nxb6 Be6 45. Na8 Kg7 46. Nc7 Bd7 47.
Nd5 Rf6 48. Nc7 Re6 49. Na6 f6 1-0

[Event "Michigan Open Reserve"]
[Site "Romulus, MI"]
[Date "2000.09.02"]
[Round "3.33"]
[White "West, Tony"]
[Black "Wright, Walter"]
[Result "1-0"]
[WhiteElo "1731"]
[BlackElo "1552"]
[PlyCount "119"]
[EventDate "2000.09.01"]

1. e4 d6 2. d4 Nf6 3. Nc3 g6 4. Nf3 Bg4 5. h3 Bxf3 6. Qxf3 c6 7. Bc4 Nbd7 8.
Bb3 Bg7 9. O-O O-O 10. Rd1 Qc8 11. Bg5 e6 12. Qf4 Qc7 13. Re1 Rac8 14. Rad1 d5
15. e5 Nh5 16. Qe3 Rfe8 17. g4 f6 18. gxh5 fxg5 19. Qxg5 Nf8 20. h6 Bh8 21. Rd3
Qe7 22. Qg4 Nd7 23. Rg3 Rf8 24. h4 Rf5 25. Nd1 Rcf8 26. h5 Rf4 27. Qe2 g5 28.
c3 Kf7 29. Bc2 Ke8 30. Qd3 R8f7 31. Qe3 Rf8 32. Kf1 Kd8 33. Ke2 g4 34. Rh1 Rf3
35. Rxf3 Rxf3 36. Qd2 Qf7 37. Qg5+ Kc7 38. Qxg4 Rf4 39. Qg3 Qf8 40. Bxh7 Qxh6
41. Bg6 Nf8 42. Ne3 Nxg6 43. Qxg6 Bg7 44. Rg1 Bf8 45. Qxh6 Bxh6 46. Rg6 Bf8 47.
Ng4 Rf5 48. h6 Rh5 49. Rf6 Rf5 50. Rxf5 exf5 51. h7 Bg7 52. Nh6 f4 53. Nf7 Kd7
54. Kf3 Ke7 55. h8=Q Bxh8 56. Nxh8 Kf8 57. Kxf4 Kg7 58. e6 Kxh8 59. e7 Kg7 60.
e8=Q 1-0

[Event "Michigan Open Reserve"]
[Site "Romulus, MI"]
[Date "2000.09.02"]
[Round "2.35"]
[White "Vasos, John"]
[Black "Mose, Greg"]
[Result "0-1"]
[WhiteElo "1092"]
[BlackElo "1500"]
[PlyCount "88"]
[EventDate "2000.09.01"]

1. e4 c5 2. Nf3 d6 3. Bb5+ Bd7 4. Bxd7+ Nxd7 5. Nc3 Ngf6 6. d3 e6 7. Bg5 Be7 8.
O-O O-O 9. Rb1 a6 10. a3 Qc7 11. Qd2 Rac8 12. b3 Rfe8 13. Rfe1 b5 14. Rbd1 c4
15. b4 cxd3 16. Nxb5 axb5 17. cxd3 Qc3 18. Qa2 Ra8 19. Bc1 Qc7 20. Qe2 Nb6 21.
Nd4 Na4 22. Nxb5 Qb6 23. d4 Reb8 24. Nxd6 Nc3 25. Qd3 Nxd1 26. Nc4 Qb5 27. Rxd1
Rc8 28. Nb2 Qxd3 29. Nxd3 Nxe4 30. f3 Nc3 31. Rd2 Nb1 32. Ra2 Bxb4 33. Nxb4
Rxc1+ 34. Kf2 Rxa3 35. Rb2 Rac3 36. Kg3 Rc8 37. Nd3 Rf1 38. Nc5 Nc3 39. Na6 Nd5
40. Nb8 f5 41. Nd7 g5 42. Re2 Nf4 43. Nf6+ Kg7 44. Nd7 Nxe2+ 0-1

[Event "Michigan Open Reserve"]
[Site "Romulus, MI"]
[Date "2000.09.02"]
[Round "3.52"]
[White "Vasos, Brandon"]
[Black "Avery, James"]
[Result "1-0"]
[WhiteElo "1049"]
[BlackElo "641"]
[PlyCount "75"]
[EventDate "2000.09.01"]

1. e4 e5 2. Nf3 Nc6 3. Bc4 Be7 4. Nc3 Nf6 5. b3 O-O 6. Bb2 d6 7. h3 Be6 8. Bxe6
fxe6 9. Ng5 Qd7 10. Nb5 Rac8 11. d3 d5 12. O-O d4 13. c3 h6 14. Nf3 dxc3 15.
Nxc3 Nb4 16. Ba3 Rfe8 17. Nxe5 Qd8 18. Ng6 Nc6 19. Bxe7 Nxe7 20. Nxe7+ Rxe7 21.
e5 Nd5 22. Qd2 Rf7 23. Nxd5 Qxd5 24. d4 Rd8 25. Rfd1 c5 26. Rac1 cxd4 27. Rc4
Qxe5 28. Rxd4 Rxd4 29. Qxd4 Qxd4 30. Rxd4 Rc7 31. g4 g5 32. Kg2 Rc2 33. Rd8+
Kf7 34. Rd7+ Ke8 35. Rxb7 Rxa2 36. Rh7 e5 37. Rxh6 e4 38. Re6+ 1-0

[Event "Michigan Open"]
[Site "Romulus, MI"]
[Date "2000.09.02"]
[Round "2.15"]
[White "Turner, Keita"]
[Black "Smalec, John"]
[Result "1-0"]
[WhiteElo "1886"]
[BlackElo "1723"]
[PlyCount "57"]
[EventDate "2000.09.01"]

1. e4 e6 2. d4 d5 3. Nd2 c5 4. c3 Nc6 5. Ngf3 Nf6 6. e5 Nd7 7. Bd3 Qb6 8. Qa4
cxd4 9. cxd4 f6 10. O-O Be7 11. Nb3 O-O 12. Be3 Qc7 13. Rac1 Nb6 14. Qb5 a6 15.
Qa5 Qd8 16. Qd2 Bd7 17. Nc5 Bxc5 18. Rxc5 Na4 19. Rcc1 Rc8 20. exf6 gxf6 21.
Bh6 Rf7 22. b3 Nb6 23. Qf4 e5 24. dxe5 fxe5 25. Qg3+ Kh8 26. Nxe5 Nxe5 27.
Qxe5+ Kg8 28. Qg3+ Kh8 29. Be3 1-0

[Event "Michigan Open"]
[Site "Romulus, MI"]
[Date "2000.09.02"]
[Round "2.8"]
[White "Turner, George"]
[Black "Comstock, Ron"]
[Result "1-0"]
[WhiteElo "2150"]
[BlackElo "1872"]
[PlyCount "59"]
[EventDate "2000.09.01"]

1. d4 d5 2. c4 c6 3. Nc3 e5 4. cxd5 cxd5 5. dxe5 d4 6. Ne4 Qa5+ 7. Nd2 Qxe5 8.
Ngf3 Qd5 9. Qb3 Qd8 10. g3 Nc6 11. Bg2 Bc5 12. O-O Nf6 13. Qc2 Bb6 14. b4 O-O
15. a3 Be6 16. Bb2 Rc8 17. Qd3 g6 18. Rac1 Bf5 19. Qb3 Be6 20. Qd3 Bf5 21. Qb3
Be6 22. Qa4 a6 23. b5 axb5 24. Qxb5 Ra8 25. Nc4 Ra6 26. Rfd1 Ng4 27. h3 Nh6 28.
e3 d3 29. Nfe5 Nxe5 30. Qxe5 1-0

[Event "Michigan Open"]
[Site "Romulus, MI"]
[Date "2000.09.02"]
[Round "2.2"]
[White "Turgut, Tansel"]
[Black "Jarosz, Stan"]
[Result "1-0"]
[WhiteElo "2382"]
[BlackElo "1948"]
[PlyCount "91"]
[EventDate "2000.09.01"]

1. e4 e6 2. d3 d5 3. Nd2 Nf6 4. Ngf3 Nc6 5. c3 dxe4 6. dxe4 Bc5 7. Bb5 Bd7 8.
b4 Bb6 9. O-O O-O 10. Bc4 Ng4 11. h3 Nge5 12. Be2 a6 13. Nc4 Nxc4 14. Bxc4 e5
15. a4 h6 16. Qe2 Qc8 17. a5 Ba7 18. Be3 Bxe3 19. Qxe3 Be6 20. Bd5 f6 21. Bxc6
bxc6 22. Rfd1 Rd8 23. Qc5 Rxd1+ 24. Rxd1 Qe8 25. Ne1 Bb3 26. Rd3 Qe6 27. Rd2
Re8 28. Nf3 Re7 29. Rd8+ Kh7 30. Qa7 Qc4 31. Qe3 Qe6 32. Nd2 Rd7 33. Rxd7 Qxd7
34. c4 Bc2 35. Qc3 Qd3 36. Qxd3 Bxd3 37. f3 g6 38. Kf2 f5 39. Ke3 Bc2 40. b5
f4+ 41. Ke2 cxb5 42. cxb5 Ba4 43. b6 cxb6 44. axb6 Bc6 45. Nc4 Kg7 46. Nxe5 1-0

[Event "Michigan Open"]
[Site "Romulus, MI"]
[Date "2000.09.02"]
[Round "3.15"]
[White "Triplett, Thomas"]
[Black "McCormick, Tim"]
[Result "1-0"]
[WhiteElo "1893"]
[BlackElo "1468"]
[PlyCount "79"]
[EventDate "2000.09.01"]

1. d4 Nf6 2. Nf3 d5 3. Bg5 e6 4. e3 Be7 5. Bd3 Ne4 6. Bxe7 Qxe7 7. Nbd2 f5 8.
c3 O-O 9. O-O b6 10. Qe2 c5 11. Ne5 Nxd2 12. Qxd2 Ba6 13. c4 dxc4 14. Bxc4 Bxc4
15. Nxc4 Nd7 16. Rac1 Nf6 17. Rc2 Nd5 18. a3 Rf6 19. f4 Kh8 20. Rfc1 Rg8 21.
Ne5 g6 22. Rf1 Qg7 23. Rf3 g5 24. g3 g4 25. Rf2 Qe7 26. Re2 Qe8 27. Nc4 Qd8 28.
Qd3 Rg7 29. Ne5 h5 30. e4 fxe4 31. Qxe4 Rh6 32. f5 Qf6 33. Ng6+ Kg8 34. Qxe6+
Qxe6 35. Rxe6 Rf7 36. Rce2 Kg7 37. Nh4 Rxe6 38. Rxe6 Re7 39. f6+ Nxf6 40. Rxe7+
1-0

[Event "Michigan Open Reserve"]
[Site "Romulus, MI"]
[Date "2000.09.02"]
[Round "2.21"]
[White "Treacy, Joe"]
[Black "Sobh, Hassan"]
[Result "0-1"]
[WhiteElo "1500"]
[BlackElo "1681"]
[PlyCount "22"]
[EventDate "2000.09.01"]

1. e4 e5 2. Nf3 Nc6 3. Bb5 a6 4. Ba4 Nf6 5. O-O Be7 6. Re1 b5 7. Bb3 O-O 8. Nc3
d5 9. exd5 b4 10. dxc6 bxc3 11. bxc3 Bg4 0-1

[Event "Michigan Open"]
[Site "Romulus, MI"]
[Date "2000.09.02"]
[Round "3.5"]
[White "Sudharsan, Krishnan"]
[Black "Turner, George"]
[Result "1/2-1/2"]
[WhiteElo "1925"]
[BlackElo "2150"]
[PlyCount "76"]
[EventDate "2000.09.01"]

1. e4 g6 2. d4 Bg7 3. c4 d6 4. Nf3 Nf6 5. Nc3 O-O 6. Be2 c5 7. d5 Na6 8. O-O
Nc7 9. a4 a6 10. h3 Bd7 11. Bf4 Rb8 12. e5 Nfe8 13. a5 b5 14. axb6 Rxb6 15. Qd2
Qb8 16. Ra2 Na8 17. exd6 exd6 18. Re1 Nf6 19. Bd1 Re8 20. b3 Nc7 21. g4 h5 22.
g5 Rxe1+ 23. Qxe1 Nfe8 24. Na4 Rb7 25. Kg2 Qc8 26. Ng1 Bf8 27. Nc3 Ng7 28. Ne4
Nce8 29. Rxa6 Rxb3 30. Rxd6 Bxh3+ 31. Kh2 Ra3 32. Rc6 Qf5 33. Bg3 h4 34. Bxh4
Bg4 35. Nf6+ Nxf6 36. Rxf6 Qc8 37. f3 Bd7 38. Be2 Qb7 1/2-1/2

[Event "Michigan Open Reserve"]
[Site "Romulus, MI"]
[Date "2000.09.02"]
[Round "3.32"]
[White "Steen, Harold"]
[Black "Carpenter, George"]
[Result "1-0"]
[WhiteElo "1670"]
[BlackElo "1400"]
[PlyCount "71"]
[EventDate "2000.09.01"]

1. d4 d5 2. e3 Nf6 3. Bd3 g6 4. Nf3 Bg7 5. b3 O-O 6. Bb2 Nbd7 7. O-O b6 8. Nbd2
Bb7 9. Ne5 Nxe5 10. dxe5 Nd7 11. f4 Nc5 12. Nf3 Nxd3 13. cxd3 c5 14. Rc1 Rc8
15. Rf2 e6 16. Rfc2 Qe7 17. Ba3 f6 18. d4 fxe5 19. fxe5 Qf7 20. dxc5 Rfd8 21.
c6 Ba6 22. c7 Rd7 23. Bd6 Bf8 24. Ng5 Qe8 25. Bxf8 Qxf8 26. Ne4 Kg7 27. Nd6
Rxd6 28. exd6 Qxd6 29. Rc6 Qd7 30. Qd4+ Kg8 31. Qf6 Re8 32. Qe5 Bc4 33. Rd6
Qxc7 34. bxc4 dxc4 35. Qd4 Rc8 36. Rd7 1-0

[Event "Michigan Open"]
[Site "Romulus, MI"]
[Date "2000.09.02"]
[Round "3.12"]
[White "Spooner, Frank"]
[Black "Williams, Ron"]
[Result "0-1"]
[WhiteElo "1781"]
[BlackElo "2022"]
[PlyCount "72"]
[EventDate "2000.09.01"]

1. Nf3 Nf6 2. b3 d6 3. d4 g6 4. Bb2 Bg7 5. g3 Bf5 6. Bg2 Nc6 7. O-O Qd7 8. a3
Bh3 9. d5 Nb8 10. e4 Bxg2 11. Kxg2 O-O 12. Qe2 Qg4 13. Nbd2 Nh5 14. Bxg7 Nf4+
15. Kh1 Nxe2 16. Bxf8 Kxf8 17. Rfe1 Nf4 18. gxf4 Qxf4 19. Re3 Nd7 20. Rf1 Rc8
21. Nd4 Ne5 22. Ne2 Qh6 23. Rg1 Qh4 24. Reg3 c6 25. f4 Nd7 26. Nf3 Qf6 27. Ned4
cxd5 28. exd5 Qxf4 29. Rg4 Qe3 30. Ng5 Nf6 31. Rf4 h6 32. Rg3 Qe5 33. Nge6+
fxe6 34. Nxe6+ Ke8 35. Rxg6 Qxd5+ 36. Kg1 Qxe6 0-1

[Event "Michigan Open Reserve"]
[Site "Romulus, MI"]
[Date "2000.09.02"]
[Round "2.22"]
[White "Solski, Jeff"]
[Black "Steen, Harold"]
[Result "1-0"]
[WhiteElo "1486"]
[BlackElo "1670"]
[PlyCount "127"]
[EventDate "2000.09.01"]

1. e4 c5 2. Nf3 e6 3. c4 d6 4. Nc3 Nc6 5. d4 cxd4 6. Nxd4 Be7 7. Be3 Nf6 8. Be2
a6 9. f4 Qc7 10. O-O b6 11. Rc1 Bd7 12. Bf3 Qb8 13. e5 Qc8 14. exf6 Bxf6 15.
Ncb5 Be7 16. Nxd6+ Bxd6 17. Nxc6 Bxf4 18. Bxf4 Bxc6 19. Qd6 Bxf3 20. Rxf3 Qc5+
21. Qxc5 bxc5 22. Bd6 Rc8 23. Rcf1 f6 24. g4 Rc6 25. Rd3 Kf7 26. Bf4 Kg6 27. h4
h5 28. g5 e5 29. Bg3 Re8 30. gxf6 gxf6 31. Re1 Ree6 32. Rd5 Re7 33. Re4 Kf5 34.
Re3 Kg4 35. Kg2 Ree6 36. Re4+ Kf5 37. Kf3 Kg6 38. Re2 Kf5 39. Bf2 Kg6 40. Rxc5
Rxc5 41. Bxc5 f5 42. Rd2 Re8 43. Rd6+ Kf7 44. Rxa6 e4+ 45. Kf4 Rc8 46. b4 e3
47. Kxe3 f4+ 48. Kxf4 Rd8 49. Rd6 Ra8 50. Rd7+ Ke6 51. Ra7 Rg8 52. Ra6+ Kd7 53.
Rd6+ Kc7 54. Rd4 Kc6 55. a4 Rg2 56. a5 Kb7 57. b5 Ra2 58. a6+ Kc7 59. Kg5 Rg2+
60. Kxh5 Rg3 61. b6+ Kc6 62. a7 Kb7 63. Rd7+ Kc6 64. Rc7# 1-0

[Event "Michigan Open Reserve"]
[Site "Romulus, MI"]
[Date "2000.09.02"]
[Round "3.39"]
[White "Sobh, Tarek"]
[Black "Moore, Martin"]
[Result "0-1"]
[WhiteElo "1196"]
[BlackElo "1505"]
[PlyCount "49"]
[EventDate "2000.09.01"]

1. e4 e6 2. d4 d5 3. e5 c5 4. c3 Nc6 5. Be3 b6 6. Bb5 Bd7 7. Nf3 a6 8. Ba4 Qc7
9. Nbd2 Nge7 10. Bc2 Ng6 11. Bxg6 fxg6 12. Ng5 h6 13. Ngf3 g5 14. O-O Be7 15.
Ne1 O-O 16. Qg4 Nd8 17. f4 Nf7 18. fxg5 Nxg5 19. Ndf3 Nxf3+ 20. Nxf3 Kh7 21. b3
Bb5 22. Rf2 Bd3 23. c4 dxc4 24. bxc4 Bxc4 25. dxc5 {Next move is 27. Qd3} 0-1